| 000 | 01800nam0a2200337 4500 | ||
|---|---|---|---|
| 001 | RU\NLR\BIBL_A\011770543 | ||
| 005 | 20180831151111.0 | ||
| 010 |
_a978-5-907054-01-1 _9200 |
||
| 021 |
_aRU _bКН-П-18-3574 _9КН-П-18-049546 |
||
| 035 | _a(NLR Aleph) 011770543 | ||
| 035 | _a(RuMoRGB)009680588 | ||
| 090 |
_a11725433 _c11725433 |
||
| 100 | _a20180816d2018 u y0rusy50 ca | ||
| 101 | 0 | _arus | |
| 102 | _aRU | ||
| 105 | _aa|||zzzz0|1yy | ||
| 200 | 1 |
_aЧисленные методы и их применение в Matlab _eпрактическое пособие _fП. П. Чернусь, Петр П. Чернусь _gМинистерство образования и науки Российской Федерации, Балтийский государственный технический университет "Военмех" |
|
| 210 |
_aСанкт-Петербург _cБГТУ _d2018 |
||
| 215 |
_a89, [1] с. _cил., табл. _d20 |
||
| 320 | _aБиблиогр.: с. 89 (6 назв.) | ||
| 606 | 1 |
_aЧисленный анализ _xЗадачи _xРешение на компьютерах _jУчебные издания для высших учебных заведений _2nlr_sh1 _2nlr_sh2 _3RU\NLR\AUTH\661291816 |
|
| 606 | 1 |
_aMATLAB, пакет прикладных программ _jУчебные издания для высших учебных заведений _2nlr_sh1 _2nlr_sh2 _3RU\NLR\AUTH\661253073 |
|
| 686 |
_aВ192.1с31я73-5 _2rubbk |
||
| 686 | 1 | _aВ192.1с116я73-1 | |
| 700 | 1 |
_aЧернусь _bП. П. _gПавел Павлович |
|
| 701 | 1 |
_aЧернусь _bП. П. _gПетр Павлович |
|
| 942 | _cBOOK | ||
| 980 | _aNBR | ||
| 980 | _aNB | ||